00560nam a2200157 a 450000500170000000800410001702000180005805000230007610000170009924500690011626000390018530000230022465000210024799900190026895201150028720140412111330.0030116s19uu xx 00 eng d a0-590-47940-7 aTR(PS EbAm96 1989 aHoban, Julia aAmy loves the snow /cby Julia Hoban; pictures by Lillian Hoban. aNew York :bScholastic Inc,c1989. a1 v. (unp.) ; ill. aChildren stories c104882d104882 00104050aELbELcTRd2003-01-16eDonationl0oTR(PS E Am96 1989pE8914r2014-04-12 00:00:00w2014-04-12yBK